| 000 | 01030nmm a2200301 a 4500 | ||
|---|---|---|---|
| 001 | ocm0001083799 | ||
| 003 | TR-IsHL | ||
| 005 | 20201028151801.0 | ||
| 008 | 150709s2015 tu tur | ||
| 007 | cr cn | ||
| 020 | _a9786059057295 | ||
| 035 |
_a1083799 _b(N$T) |
||
| 050 | 0 | 4 |
_aDS51.D89 _bK35 2015 |
| 090 | 0 | 4 |
_aDS51.D89 _bK35 2015 |
| 100 | 1 | _aKalay, Abdulkadir | |
| 245 | 1 | 0 |
_aDüzce Çilimli tarihi _h[electronic resource] / _cAbdulkadir Kalay |
| 260 |
_aİstanbul : _bMola Kitap, _c2015 |
||
| 300 | _a337 p. | ||
| 500 |
_aKaynakça var. _x |
||
| 650 | 4 | _aTarih | |
| 650 | 4 | _aHistory | |
| 650 | 0 |
_aÇilimli (Düzce, Türkiye) _x Tarihi |
|
| 650 | 0 |
_aÇilimli (Düzce, Türkiye) _x History |
|
| 650 | 0 |
_aÇilimli (Düzce, Türkiye) _x Tanıtım ve Seyahat |
|
| 650 | 0 |
_aÇilimli (Düzce, Türkiye) _x Description and travel |
|
| 650 | 7 |
_aHISTORY / Middle East / Turkey & Ottoman Empire _2bisacsh |
|
| 856 | 4 | 0 | _uhttp://search.ebscohost.com/login.aspx?direct=true&scope=site&db=e011xww&AN=1083799 |
| 999 |
_c11187 _d11187 |
||